La réponse contient "point" - Statistiques

Statistiques générales
  • Ce quiz a été pris 523 fois
  • Le résultat moyen est 11 sur 20
Statistiques - réponses
Question Réponse % Correct
Autre nom du carrefour giratoire. Rond-point
99%
Opposé au tireur dans une partie de pétanque. Pointeur
92%
Pour une viande moyennement cuite. A point
83%
Nord, sud, est, ouest. Points cardinaux
75%
Nom des "3 petits points" en grammaire, à la fin d'une phrase. Points de suspension
70%
Douleur localisée sur le côté du tronc, survenant généralement à l'occasion d'un effort. Point de coté
68%
Source ou l'on peut se désaltérer. Point d'eau
65%
Opinion personnelle. Point de vue.
60%
Ville chef lieu d'arrondissement en Guadeloupe. Pointe-à-pitre
59%
Couture destiné à réunir les lèvres d’une plaie Point de suture
58%
Son coté vulnérable, son défaut. Point faible
57%
Se dit d'un moment qui "tombe bien". A point nommé
52%
En broderie, en forme de X. Point de croix
44%
Se dit d'un corps un peu gras, bien en chair. Embonpoint
39%
Etre très malade. Mal en point
38%
Identique à 2 personnes. Point commun
38%
Géographiquement le plus haut. Point culminant.
38%
Origine d'une chose. Point de départ
32%
Servant de soutien. Point d'appui
22%
S'expliquer clairement, parfois avec irritation ou menace. Mettre les points sur les i.
18%
Aucun quiz correspondant
Distribution des résultats
% des personnes avec chaque résultat
Percentile par nombre de réponses
Votre historique - résultats
Vous n’avez pas pris ce quiz